5-Star Actresses V Quiz Stats

Quiz Updated Jun 20, 2015

Challenge
Share
Tweet
Embed
Score 0/60 Timer 08:00
6 Plays Today
% Correct
Sweeney Todd: The Demon Barber of Fleet Street
88.4%
Sister Act
88.1%
Corpse Bride
82%
Armageddon
81.5%
The Color Purple
81.3%
Ghost
79.4%
The Notebook
78%
Fantastic Four
77.2%
Annie Hall
76.9%
Vicky Cristina Barcelona
76.7%
Harry Potter and the Half-Blood Prince
76.5%
Carrie
74.7%
The Lord of the Rings: The Two Towers
74%
A Beautiful Mind
73.9%
L.A Confidential
73.1%
Mean Girls
72%
Vanilla Sky
70.9%
Sin City
69.9%
Fight Club
69.4%
Skyfall
68.8%
The King's Speech
67.1%
Batman
67%
8 Mile
64.1%
Father of the Bride
63.8%
The Time Traveler’s Wife
63.8%
La Vie en Rose
62.6%
Philomena
62.2%
The Godfather
60.7%
Something's Gotta Give
59.2%
Shakespeare in Love
57.4%
% Correct
Jersey Girl
56.8%
Blow
56.5%
Volver
55%
Sherlock Holmes
54.7%
Inception
54.5%
Blood Diamond
50.7%
The Dark Knight Rises
50.3%
The Lion King
50.2%
Requiem for a Dream
48.9%
The Vow
46.3%
Mrs. Brown
44.9%
The Incredible Hulk
42.2%
Noah
40.6%
Machete
39.9%
Made in America
39.7%
Iris
38.8%
He's Just Not That Into You
38.3%
Contagion
36.4%
Badlands
35.8%
In the Bedroom
35.5%
Cellular
33.7%
Never Say Never Again
31.3%
Reds
30.9%
The Help
30%
All About My Mother
29.2%
Rust and Bone
26.9%
Little Fockers
25.1%
Missing
25%
The Killer Inside Me
21.2%
Lonesome Jim
13.5%

You're not logged in!

Compare scores with friends on all Sporcle quizzes.
Join for Free
OR
Log In

You Might Also Like...

Show Comments

Extras

Top Quizzes Today


Score Distribution

Your Account Isn't Verified!

In order to create a playlist on Sporcle, you need to verify the email address you used during registration. Go to your Sporcle Settings to finish the process.

Report this User

Report this user for behavior that violates our Community Guidelines.

Details: